Artsakh Country Quiz - Statistics

General Stats
  • This quiz has been taken 243 times
    72 since last reset
  • The average score is 10 of 17
Answer Stats
Hint Answer % Correct
Dominant ethnic group and official language Armenian
89%
Largest religion Christianity
87%
The three other disputed territories that recognize Artsakh Abkhazia
82%
Most popular sport Football
82%
Recognized by all UN member states (and Jetpunk) to be a part of this country Azerbaijan
76%
South Ossetia
76%
Capital and largest city Stepanakert
73%
Troops from this nearby country were sent to Artsakh as a peacekeeping force following a recent resurgence of conflict in 2020 Russia
69%
Artsakh is located in this mountainous geographical region located between the Black Sea and Caspian Sea Caucasus
67%
Artsakh controls the territory of this former autonomous oblast and namesake of two conflicts fought in the region Nagorno-Karabakh
67%
Official currency Artsakh dram
60%
Transnistria
55%
Because of the territorial conflict between 1991 and 1994, thousands of these dangerous devices continue to heavily cover many regions of Artsakh Landmines
51%
Ceasefire agreement ending the post-Soviet 1994 ethnic conflict over the territory of Artsakh signed in its namesake Central Asian capital Bishkek Protocol
36%
Current President Arayik Harutyunyan
33%
Featured on the Artsakh coat of arms, this monument north of Stepanakert that is widely regarded as a symbol of the territory's Armenian heritage We Are Our Mountains
22%
One of the principal tourist attractions of the area, this 13th century cathedral and former monastery is regarded as one of the finest examples of Armenian architecture Gandzasar Monastery
9%
No matching quizzes found
Score Distribution
Percent of People with Each Score
Percentile by Number Answered
Your Score History
You have not taken this quiz since the last reset